[Event "international"]
[Site "Aarhus"]
[Date "1996.??.??"]
[Round "8"]
[White "Pedersen, Nicolai Vesterbaek"]
[Black "Hoiberg, Nina"]
[Result "1/2-1/2"]
[WhiteElo "2290"]
[BlackElo "2290"]
[PlyCount "120"]
[EventDate "1996.??.??"]
[EventType "tourn"]
[EventRounds "9"]
[EventCountry "DEN"]
[EventCategory "4"]
[SourceTitle "EXT 1998"]
[Source "ChessBase"]
[SourceDate "1997.11.17"]

1. e4 e5 2. Nf3 Nc6 3. Nc3 Nf6 4. d4 exd4 5. Nxd4 Bb4 6. Nxc6 bxc6 7. Bd3 d5 8.
exd5 cxd5 9. O-O O-O 10. Bg5 c6 11. Na4 h6 12. Bh4 Bd6 13. c4 Bg4 14. Qc2 Be6
15. Rfe1 Bxh2+ 16. Kh1 Bd6 17. Qc3 d4 18. Qd2 c5 19. b3 Rc8 20. Bc2 Re8 21. Qd3
g6 22. Qd2 Kg7 23. Re2 Qc7 24. Bxf6+ Kxf6 25. Rae1 Bf4 26. Qd3 Bd7 27. b4 Rxe2
28. Rxe2 Bf5 29. Qf3 cxb4 30. Bxf5 gxf5 31. g3 Bg5 32. Kh2 Qxc4 33. Nb2 Qc6 34.
Qxc6+ Rxc6 35. f4 Rc3 36. Rd2 Bxf4 37. gxf4 Rf3 38. Nd3 a5 39. Kg2 Re3 40. Nb2
Ra3 41. Nc4 Rc3 42. Nxa5 d3 43. Nb3 h5 44. Kf3 h4 45. Nd4 Kg6 46. Rg2+ Kf6 47.
Rd2 Kg6 48. Kg2 Kh5 49. Kh3 Rc1 50. Nxf5 Rf1 51. Rxd3 Rxf4 52. Nd6 f5 53. Rd2
Rf3+ 54. Kg2 Kg4 55. Rb2 h3+ 56. Kh2 f4 57. Ne4 Ra3 58. Nf6+ Kf5 59. Nd5 Kg4
60. Nxb4 f3 1/2-1/2

[Event "international"]
[Site "Aarhus"]
[Date "1996.??.??"]
[Round "6"]
[White "Pedersen, Nicolai Vesterbaek"]
[Black "Johansen, Morten"]
[Result "1/2-1/2"]
[WhiteElo "2290"]
[BlackElo "2195"]
[PlyCount "72"]
[EventDate "1996.??.??"]
[EventType "tourn"]
[EventRounds "9"]
[EventCountry "DEN"]
[EventCategory "4"]
[SourceTitle "EXT 1998"]
[Source "ChessBase"]
[SourceDate "1997.11.17"]

1. e4 d5 2. exd5 Qxd5 3. Nc3 Qa5 4. d4 Nf6 5. Nf3 Bf5 6. Bc4 c6 7. Bd2 e6 8.
Qe2 Bb4 9. Ne5 Nbd7 10. Nxd7 Nxd7 11. a3 Nf6 12. O-O Bxc3 13. Bxc3 Qc7 14. b4
O-O 15. h3 Qf4 16. Bb3 Nd5 17. Bb2 Qh4 18. Rfe1 a5 19. bxa5 Rxa5 20. Qf3 Rd8
21. Re5 Raa8 22. a4 Rd7 23. a5 Qd8 24. c4 Nb4 25. Ra4 Nd3 26. Re2 Nxb2 27. Rxb2
Rxd4 28. Qc3 Qd6 29. Ra1 Rd8 30. Ba4 Rd7 31. Qb4 Qf4 32. a6 bxa6 33. Qb8+ Qxb8
34. Rxb8+ Rd8 35. Rxd8+ Rxd8 36. Bxc6 Rc8 1/2-1/2

[Event "international"]
[Site "Aarhus"]
[Date "1996.??.??"]
[Round "8"]
[White "Pilgaard, Kim"]
[Black "Johansen, Morten"]
[Result "1/2-1/2"]
[WhiteElo "2325"]
[BlackElo "2195"]
[PlyCount "56"]
[EventDate "1996.??.??"]
[EventType "tourn"]
[EventRounds "9"]
[EventCountry "DEN"]
[EventCategory "4"]
[SourceTitle "EXT 1998"]
[Source "ChessBase"]
[SourceDate "1997.11.17"]

1. e4 d5 2. exd5 Qxd5 3. Nc3 Qa5 4. Bc4 Nf6 5. d3 Bg4 6. f3 Bf5 7. Bd2 c6 8.
Nge2 Nbd7 9. Ng3 Bg6 10. Qe2 e6 11. O-O-O Bb4 12. a3 Bxc3 13. Bxc3 Qc7 14. Ne4
O-O-O 15. g4 Nb6 16. Bb3 Nbd5 17. Bxd5 exd5 18. Nxf6 gxf6 19. Rde1 d4 20. Bd2
Qd7 21. Bf4 Rhe8 22. Qf2 Qd5 23. Rxe8 Rxe8 24. Re1 Re6 25. h3 Kd7 26. Rxe6 fxe6
27. b3 e5 28. Bd2 b5 1/2-1/2

[Event "international"]
[Site "Aarhus"]
[Date "1996.??.??"]
[Round "7"]
[White "Pilgaard, Kim"]
[Black "Ziska, Bogi"]
[Result "1-0"]
[WhiteElo "2325"]
[BlackElo "2240"]
[PlyCount "81"]
[EventDate "1996.??.??"]
[EventType "tourn"]
[EventRounds "9"]
[EventCountry "DEN"]
[EventCategory "4"]
[SourceTitle "EXT 1998"]
[Source "ChessBase"]
[SourceDate "1997.11.17"]

1. e4 c5 2. Nf3 Nc6 3. d4 cxd4 4. Nxd4 e5 5. Nb5 d6 6. c4 Be7 7. Be3 Be6 8. Be2
a6 9. N5c3 Bg5 10. Qd2 Bxe3 11. Qxe3 Nge7 12. Nd2 Nd4 13. Rc1 Nec6 14. O-O O-O
15. Bd3 Qa5 16. a3 Rfc8 17. Kh1 Qd8 18. Nd5 Na5 19. b4 Nab3 20. Nxb3 Nxb3 21.
Rc3 Nd4 22. f4 a5 23. fxe5 dxe5 24. c5 axb4 25. axb4 Ra2 26. Bc4 Rc2 27. Rxc2
Nxc2 28. Qc3 Nd4 29. Nb6 Rb8 30. Bd5 Qg5 31. Qc4 h5 32. b5 h4 33. Bxe6 Nxe6 34.
Nd5 h3 35. gxh3 Ra8 36. c6 bxc6 37. bxc6 Nf4 38. Nxf4 exf4 39. Qd5 Qh4 40. c7
Rc8 41. Qd7 1-0

[Event "international"]
[Site "Aarhus"]
[Date "1996.??.??"]
[Round "5"]
[White "Pilgaard, Kim"]
[Black "Pedersen, Nicolai Vesterbaek"]
[Result "1-0"]
[WhiteElo "2325"]
[BlackElo "2290"]
[PlyCount "61"]
[EventDate "1996.??.??"]
[EventType "tourn"]
[EventRounds "9"]
[EventCountry "DEN"]
[EventCategory "4"]
[SourceTitle "EXT 1998"]
[Source "ChessBase"]
[SourceDate "1997.11.17"]

1. e4 d5 2. exd5 Nf6 3. Bc4 Bg4 4. f3 Bc8 5. Nc3 Nbd7 6. Nge2 Nb6 7. Bb3 Nbxd5
8. d4 g6 9. Ne4 Bg7 10. c4 Nb6 11. Nxf6+ Bxf6 12. Bh6 c5 13. dxc5 Nd7 14. Nc3
Qa5 15. O-O Qxc5+ 16. Kh1 Qh5 17. Bd2 O-O 18. Bc2 Nb6 19. b3 Be6 20. Qe1 Bg7
21. Be4 Rad8 22. Rc1 Bc8 23. Be3 Qa5 24. Bb1 Nd7 25. Nd5 Qa3 26. Bg5 f6 27. Bd2
Rfe8 28. Bb4 Qb2 29. Nc7 e5 30. Rd1 f5 31. Rf2 1-0

[Event "international"]
[Site "Aarhus"]
[Date "1996.??.??"]
[Round "1"]
[White "Pilgaard, Kim"]
[Black "Hoiberg, Nina"]
[Result "1-0"]
[WhiteElo "2325"]
[BlackElo "2290"]
[PlyCount "52"]
[EventDate "1996.??.??"]
[EventType "tourn"]
[EventRounds "9"]
[EventCountry "DEN"]
[EventCategory "4"]
[SourceTitle "EXT 1998"]
[Source "ChessBase"]
[SourceDate "1997.11.17"]

1. e4 e5 2. Nf3 Nc6 3. Bb5 Nf6 4. O-O Nxe4 5. Re1 Nd6 6. Nxe5 Be7 7. Bd3 Nxe5
8. Rxe5 O-O 9. Nc3 Bf6 10. Re3 g6 11. b3 b5 12. Ba3 Rb8 13. Bxd6 cxd6 14. Nxb5
Bxa1 15. Qxa1 Re8 16. Nxd6 Rxe3 17. dxe3 Rb6 18. Qd4 Ba6 19. c4 Rc6 20. Be4 Qa5
21. g3 Rxd6 22. Qxd6 Qxa2 23. Qb8+ Kg7 24. Qxa7 Qa1+ 25. Kg2 Qf6 26. Qxd7 h5
1-0

[Event "international"]
[Site "Aarhus"]
[Date "1996.??.??"]
[Round "3"]
[White "Pilgaard, Kim"]
[Black "Boe, Mads"]
[Result "1/2-1/2"]
[WhiteElo "2325"]
[BlackElo "2355"]
[PlyCount "39"]
[EventDate "1996.??.??"]
[EventType "tourn"]
[EventRounds "9"]
[EventCountry "DEN"]
[EventCategory "4"]
[SourceTitle "EXT 1998"]
[Source "ChessBase"]
[SourceDate "1997.11.17"]

1. e4 e5 2. Nf3 d6 3. d4 Nf6 4. Nc3 Nbd7 5. Bc4 Be7 6. O-O O-O 7. h3 c6 8. a4
b6 9. Qe2 a6 10. Rd1 Qc7 11. Ba2 Bb7 12. Be3 b5 13. axb5 cxb5 14. dxe5 dxe5 15.
Bg5 Rfd8 16. Nd5 Bxd5 17. Rxd5 Nxd5 18. Bxd5 Nb6 19. Bxa8 Rxa8 20. Bxe7 1/2-1/2

[Event "international"]
[Site "Aarhus"]
[Date "1996.??.??"]
[Round "1"]
[White "Rodgaard, John"]
[Black "Ziska, Bogi"]
[Result "1/2-1/2"]
[WhiteElo "2375"]
[BlackElo "2240"]
[PlyCount "35"]
[EventDate "1996.??.??"]
[EventType "tourn"]
[EventRounds "9"]
[EventCountry "DEN"]
[EventCategory "4"]
[SourceTitle "EXT 1998"]
[Source "ChessBase"]
[SourceDate "1997.11.17"]

1. c4 e5 2. e3 d6 3. Nc3 g6 4. g3 Bg7 5. Bg2 Nf6 6. Nge2 O-O 7. d3 c6 8. e4 c5
9. O-O Nc6 10. f4 exf4 11. Bxf4 Bg4 12. Qd2 Bxe2 13. Qxe2 Nd4 14. Qd1 Rb8 15.
Rb1 b5 16. b3 b4 17. Ne2 Ng4 18. h3 1/2-1/2

[Event "international"]
[Site "Aarhus"]
[Date "1996.??.??"]
[Round "8"]
[White "Rodgaard, John"]
[Black "Anka, Emil"]
[Result "1/2-1/2"]
[WhiteElo "2375"]
[BlackElo "2405"]
[PlyCount "83"]
[EventDate "1996.??.??"]
[EventType "tourn"]
[EventRounds "9"]
[EventCountry "DEN"]
[EventCategory "4"]
[SourceTitle "EXT 1998"]
[Source "ChessBase"]
[SourceDate "1997.11.17"]

1. c4 Nf6 2. Nf3 e6 3. g3 c5 4. Bg2 Qb6 5. O-O Nc6 6. b3 Be7 7. Bb2 O-O 8. d4
cxd4 9. Nxd4 a6 10. e4 d6 11. Qd2 Bd7 12. Rd1 Rfd8 13. Nc2 Ne5 14. Nc3 Be8 15.
h3 Rac8 16. Ne3 Qa7 17. Kh2 Bc6 18. Qe2 b6 19. f4 Ng6 20. Ng4 Qb7 21. a4 Nf8
22. Rd2 N8d7 23. Nd5 Nxg4+ 24. Qxg4 Bf8 25. Ne7+ Kh8 26. Nxc8 Rxc8 27. Qe2 Nc5
28. b4 Nb3 29. b5 axb5 30. axb5 Be8 31. e5 Qc7 32. exd6 Bxd6 33. Rxd6 Qxd6 34.
Rd1 Qe7 35. Bxg7+ Kxg7 36. Qb2+ Kg8 37. Qxb3 Qc5 38. Qd3 f6 39. Qd6 Qxc4 40.
Qxb6 Bxb5 41. Rd8+ Rxd8 42. Qxd8+ 1/2-1/2

[Event "international"]
[Site "Aarhus"]
[Date "1996.??.??"]
[Round "6"]
[White "Rodgaard, John"]
[Black "Nielsen, Uffe V"]
[Result "1-0"]
[WhiteElo "2375"]
[BlackElo "2380"]
[PlyCount "69"]
[EventDate "1996.??.??"]
[EventType "tourn"]
[EventRounds "9"]
[EventCountry "DEN"]
[EventCategory "4"]
[SourceTitle "EXT 1998"]
[Source "ChessBase"]
[SourceDate "1997.11.17"]

1. c4 c5 2. Nf3 Nc6 3. Nc3 e5 4. g3 g6 5. Bg2 Bg7 6. O-O Nge7 7. e4 d6 8. d3
O-O 9. Rb1 h6 10. Be3 Be6 11. Qd2 Kh7 12. Ne1 Rb8 13. Nc2 Qd7 14. b4 Nd4 15.
Nd5 f5 16. f3 Rf7 17. bxc5 dxc5 18. f4 fxe4 19. dxe4 Nec6 20. fxe5 Nxe5 21.
Bxd4 Nxc4 22. Qc3 cxd4 23. Qxc4 Rc8 24. Qd3 Bxd5 25. exd5 Rc3 26. Qd2 Rxf1+ 27.
Rxf1 Qa4 28. Ne1 Qa3 29. Be4 b5 30. Nd3 Qd6 31. Qf2 Rc7 32. Nf4 Re7 33. Bxg6+
Kg8 34. Ne6 Qxd5 35. Nxg7 1-0

[Event "international"]
[Site "Aarhus"]
[Date "1996.??.??"]
[Round "4"]
[White "Rodgaard, John"]
[Black "Pilgaard, Kim"]
[Result "1/2-1/2"]
[WhiteElo "2375"]
[BlackElo "2325"]
[PlyCount "31"]
[EventDate "1996.??.??"]
[EventType "tourn"]
[EventRounds "9"]
[EventCountry "DEN"]
[EventCategory "4"]
[SourceTitle "EXT 1998"]
[Source "ChessBase"]
[SourceDate "1997.11.17"]

1. c4 Nf6 2. Nf3 e6 3. g3 b6 4. Bg2 Bb7 5. O-O Be7 6. Nc3 O-O 7. d4 Ne4 8. Qc2
Nxc3 9. Qxc3 c5 10. Rd1 d6 11. b3 Bf6 12. Bb2 Qe7 13. Qe3 d5 14. cxd5 Bxd5 15.
Rd2 Na6 16. Ne5 1/2-1/2

[Event "international"]
[Site "Aarhus"]
[Date "1996.??.??"]
[Round "6"]
[White "Ziska, Bogi"]
[Black "Anka, Emil"]
[Result "1-0"]
[WhiteElo "2240"]
[BlackElo "2405"]
[PlyCount "77"]
[EventDate "1996.??.??"]
[EventType "tourn"]
[EventRounds "9"]
[EventCountry "DEN"]
[EventCategory "4"]
[SourceTitle "EXT 1998"]
[Source "ChessBase"]
[SourceDate "1997.11.17"]

1. e4 c5 2. c3 d5 3. exd5 Qxd5 4. d4 e6 5. Nf3 Nf6 6. Be2 Be7 7. O-O O-O 8. Be3
cxd4 9. cxd4 Nc6 10. Nc3 Qd6 11. a3 b6 12. Qc2 Bb7 13. Rad1 Rac8 14. Bd3 g6 15.
Qe2 Ng4 16. Ne4 Qb8 17. h3 Nf6 18. Nc3 Rfd8 19. Bb1 Qa8 20. Bh6 Na5 21. Ba2 Ne4
22. Ne5 Nxc3 23. bxc3 Bd5 24. c4 Bxg2 25. Rfe1 Bxh3 26. d5 Bf6 27. Qe3 Bf5 28.
c5 exd5 29. Rxd5 Rxd5 30. Bxd5 Qxd5 31. Ng4 Qe6 32. Nxf6+ Kh8 33. Qc3 Rxc5 34.
Rxe6 fxe6 35. Qg3 e5 36. Qg5 Rc4 37. Kh2 Nb7 38. Nd5 Rc6 39. Qe7 1-0

[Event "international"]
[Site "Aarhus"]
[Date "1996.??.??"]
[Round "8"]
[White "Ziska, Bogi"]
[Black "Boe, Mads"]
[Result "1/2-1/2"]
[WhiteElo "2240"]
[BlackElo "2355"]
[PlyCount "24"]
[EventDate "1996.??.??"]
[EventType "tourn"]
[EventRounds "9"]
[EventCountry "DEN"]
[EventCategory "4"]
[SourceTitle "EXT 1998"]
[Source "ChessBase"]
[SourceDate "1997.11.17"]

1. e4 c6 2. d4 d5 3. Nc3 dxe4 4. Nxe4 Bf5 5. Ng3 Bg6 6. Nf3 Nd7 7. h4 h6 8. h5
Bh7 9. Bd3 Bxd3 10. Qxd3 Ngf6 11. Bd2 e6 12. O-O-O Qc7 1/2-1/2